| 000 | 00435nam a2200109Ia 4500 | ||
|---|---|---|---|
| 008 | 220204s9999 xx 000 0 und d | ||
| 082 |
_a634.616:381.74 _bTHA |
||
| 100 | _aThampan, P K | ||
| 245 | 0 | _aProcessing and marketing of coconuts in India. [Proceedings of the national seminar on processing and marketing of coconuts held on the 19th & 20th April 1987, Bangalore] | |
| 260 |
_aCochin _bCoconut Development Board _c1987 |
||
| 942 | _cBK | ||
| 999 |
_c43933 _d43933 |
||